000 00389nam a2200181Ia 4500
001 13565
005 20260306164810.0
008 260306t2007||||xx |||||||||||||| ||spa||
041 _aESP
082 _a004.678
_bCH525
100 _aCharte Ojeda, Francisco
_eAUT
245 0 _aAjax
260 _c2007
300 _a
_c
650 _aGEN
654 _aCCC
942 _cLIB
_dJUS
_fJUS
_2ddc
_n
999 _c13565
_d13565